00495cam a22001452 4500001001100000005001700011008004100028040001500069050002300084110005800107245005000165260005700215300001700272651006000289000000148320151217155810.0070313s xx 000 0 eng d aKABUcKABU 0aHC865b.Z7K65 20022 aKenya.bMinistry of Finance and Planning.@000015023410aKoibatek district development plan 2002-2008. aNairobi :bMinistry of Finance and Planning,c[2002] aviii, 112 p. 0aKoibatek District (Kenya)xEconomic policy.@0000150271